Deleuze et l'art (notice n° 2183740)
[ vue normale ]
| 000 -LEADER | |
|---|---|
| fixed length control field | 00762cam a2200133 4500500 |
| 005 - DATE AND TIME OF LATEST TRANSACTION | |
| control field | 20260405052227.0 |
| 041 ## - LANGUAGE CODE | |
| Language code of text/sound track or separate title | fre |
| 042 ## - AUTHENTICATION CODE | |
| Authentication code | dc |
| 100 10 - MAIN ENTRY--PERSONAL NAME | |
| Personal name | Sauvagnargues, Anne |
| Relator term | author |
| 245 00 - TITLE STATEMENT | |
| Title | Deleuze et l'art |
| 260 ## - PUBLICATION, DISTRIBUTION, ETC. | |
| Name of publisher, distributor, etc. | Presses Universitaires de France,<br/> |
| Date of publication, distribution, etc. | 2005.<br/> |
| 520 ## - SUMMARY, ETC. | |
| Summary, etc. | L’auteur se propose de faciliter l’accès à une partie importante et encore peu étudiée de l’œuvre de Deleuze. Celui-ci théorise le domaine de l’art avec de nouveaux concepts: corps sans organes, machines désirantes, devenir-animal… Il propose une philosophie de la peinture et du cinéma transformant complètement le paysage théorique habituel. |
| 856 41 - ELECTRONIC LOCATION AND ACCESS | |
| Uniform Resource Identifier | <a href="https://shs.cairn.info/deleuze-et-l-art--9782130552895?lang=fr&redirect-ssocas=7080">https://shs.cairn.info/deleuze-et-l-art--9782130552895?lang=fr&redirect-ssocas=7080</a> |
Pas d'exemplaire disponible.




Réseaux sociaux